| 000 | 00646nam a22001577a 4500 | ||
|---|---|---|---|
| 003 | OSt | ||
| 005 | 20151218152815.0 | ||
| 008 | 151216b xxu||||| |||| 00| 0 eng d | ||
| 040 | _cRUA | ||
| 082 | _aAED HEM 2007 B224 Or.1 | ||
| 100 |
_94946 _aHEM, SARAN. |
||
| 245 | _aThe management of a small holder durian at sankat prey thom, khan keb, keb city, ការគ្រប់គ្រងដំណាំធូរេនជាលក្ខណៈគ្រួសារនៅសង្កាត់ព្រៃធំ ខណ្ឌកែប ក្រុងកែប | ||
| 260 |
_aPhnom Penh _bRUA _c2007 |
||
| 300 |
_aix, 43p. _bill. _c29cm. |
||
| 942 |
_2ddc _cAED |
||
| 999 |
_c4595 _d4595 |
||